WWE Trivia - Statistics

General Stats
  • This quiz has been taken 785 times
  • The average score is 18 of 37
Answer Stats
Hint Answer % Correct
What does WWE stand for? World Wrestling Entertainment
94%
Triple H
80%
What year was the first Wrestlemania? 1985
79%
Wrestlemania
79%
Who is the current president? Vince McMahon
78%
Mankind
77%
What are considered to be the four big WWE Pay Per Views? Royal Rumble
76%
Summerslam
76%
What was WWE called until 2002? WWF
73%
Who were the original four member of D-Generation X? Shawn Michaels
71%
Batista
70%
Who are the three faces of Mick Foley? Cactus Jack
70%
Dude Love
70%
Survivor Series
68%
Who is the youngest WWE champion ever? Randy Orton
67%
Chyna
61%
Who was the first Royal Rumble winner? "Hacksaw" Jim Duggan
58%
What was John Cena's finishing move called before the AA? FU
56%
What is the Undertaker's real name? Mark Calaway
56%
What is WWE's training ground company? NXT
56%
Who is the longest reigning WWE champion? Bruno Sammartino
51%
What upbeat faction was Dolph Ziggler previously a part of? The Spirit Squad
45%
Who was the first inductee into the WWE Hall of Fame? Andre the Giant
43%
What faction won every male-based championship belt at Armageddon in 2003? Evolution
40%
What product did "Macho Man" Randy Savage famously advertise for? Slim Jim
31%
According to Hulk Hogan, what is the most powerful force in the Universe? Hulkamania
30%
Who is the first female wrestler to be a third-generation superstar? Natalya
30%
What parkour expert was modeled after the lead singer of The Doors? John Morrison
25%
What two superstars share the nickname "The Animal"? George Steele
24%
Rick Rude
24%
What was the name of Jake "The Snake" Roberts' pet python? Damien
22%
Who was the first winner of the King of the Ring Tournament? Bret Hart
20%
Who participated in the first match in RAW history? Yokozuna
12%
Tito Santana
11%
Who made up the tag team Strike Force? Rick Martel
9%
What New York radio personality joined commentary for the first few weeks of RAW? Rob Bartlett
2%
Coco B. Ware
1%
No matching quizzes found
Score Distribution
Percent of People with Each Score
Percentile by Number Answered
Your Score History
You have not taken this quiz